000 00776nam a2200217Ii 4500
003 JO-AjNU
008 230605s9999||||xx |||||||||||||| ||und||
017 _a2007/8/2519
040 _aJO-AjNU
_bara
_erda
_cJO-AjNU
041 _aara
050 1 4 _aHD30.2.A56 2008
100 3 _aالعاني، مزهر شعبان، م.مشارك شوقي ناجي جواد,
_eauthor
_957325
245 0 0 _aالعملية الإدارية وتكنولوجيا المعلومات
250 _aط1
264 3 1 _aعمان: دار اثراء للنشر والتوزيع، 2008
300 _a294ص
336 _atext
_btxt
_2rdacontent
337 _aunmediated
_bn
_2rdamedia
338 _avolume
_bnc
_2rdacarrier
650 4 _aادارة الاعمال- معالجة البيانات
_957326
999 _aA25680
_c29248
_d29248